000 00453nam a2200181Ia 4500
001 23022
005 20260414150909.0
008 260414t2009||||xx |||||||||||||| ||spa||
041 _aESP
082 _a624.1762
_bV66
100 _aVillaverde, Roberto
_eAUT
245 0 _aFundamental concepts of earthquake engineering
_b
260 _c2009
300 _aXXIII, 949 páginas :
_c26 cm.
650 _a0
654 _aCIC
942 _cLIB
_dJUS
_fJUS
_2ddc
_n
999 _c23022
_d23022